000
00299nam a2200109Ia 4500
005
20251222114408.0
008
251222s1900||||xx |||||||||||||| ||spa||
082
_a
DVD0092/S25L/2006
245
0
_a
Para vivir la eucaristía: domingo, día del Señor.
264
_b
Castillejo, Christian.
942
_c
DVD
999
_c
1905
_d
1905